Calculus, Vol. 2 (Record no. 7508)
[ view plain ]
| 000 -LEADER | |
|---|---|
| fixed length control field | 00476 a2200169 4500 |
| 020 ## - INTERNATIONAL STANDARD BOOK NUMBER | |
| International Standard Book Number | 9971513978 |
| 040 ## - CATALOGING SOURCE | |
| Original cataloging agency | DLC |
| Language of cataloging | DLC |
| 082 ## - DEWEY DECIMAL CLASSIFICATION NUMBER | |
| Classification number | 515 |
| 100 ## - MAIN ENTRY--PERSONAL NAME | |
| Personal name | Apostol, Tom M. |
| 245 ## - TITLE STATEMENT | |
| Title | Calculus, Vol. 2 |
| Statement of responsibility, etc. | Tom M, Apostol. |
| 250 ## - EDITION STATEMENT | |
| Edition statement | 2nd ed. |
| 260 ## - PUBLICATION, DISTRIBUTION, ETC. | |
| Place of publication, distribution, etc. | Sigapore: |
| Name of publisher, distributor, etc. | J. Wiley & Sons (Asia) Pte. Ltd., |
| Date of publication, distribution, etc. | c2003. |
| 300 ## - PHYSICAL DESCRIPTION | |
| Extent | vol,ii. xxii, 673 p. : |
| Other physical details | ill. ; |
| Dimensions | 24 cm. |
| 500 ## - GENERAL NOTE | |
| General note | Includes Index |
| 650 ## - SUBJECT ADDED ENTRY--TOPICAL TERM | |
| Topical term or geographic name entry element | 1.Mathematical analysis.2.Calculus. |
| 942 ## - ADDED ENTRY ELEMENTS (KOHA) | |
| Koha item type | Book |
| Call number prefix | 515 APO |
| Source of classification or shelving scheme | |
| Withdrawn status | Lost status | Damaged status | Not for loan | Collection code | Permanent Location | Current Location | Shelving location | Date acquired | Source of acquisition | Cost, normal purchase price | Total Checkouts | Total Renewals | Full call number | Barcode | Date last seen | Date last checked out | Price effective from | Koha item type |
|---|---|---|---|---|---|---|---|---|---|---|---|---|---|---|---|---|---|---|
| Central Library (CL) | Central Library (CL) | General Stacks | 11/16/2005 | Allied Book Company | 442.17 | 6 | 5 | 515 APO | SEECS006676 | 09/10/2024 | 09/14/2023 | 01/05/2017 | Book |
